[Event "Championship Moscow 2019"]
[Site "Moscow]
[Date "2019.04.01"]
[Round "3.2"]
[White "Dragomarezkij, Evgeni"]
[Black "Savchenko, Boris"]
[Result "0-1"]
[WhiteElo "2388"]
[BlackElo "2575"]
[PlyCount "74"]
[EventDate "2019.??.??"]
[WhiteClock "0:04:40"]
[BlackClock "0:08:55"]

1. c4 e5 2. Nc3 Nf6 3. Nf3 Nc6 4. d3 d5 5. cxd5 Nxd5 6. e3 Nb6 7. Be2 Be7 8. a3
g5 9. b4 g4 10. Nd2 h5 11. Bb2 Be6 12. Qc2 Qd7 13. Nce4 f5 14. b5 Nd4 15. exd4
fxe4 16. dxe4 exd4 17. O-O O-O-O 18. Rfd1 Bh4 19. g3 Bf6 20. Nb3 Na4 21. Rac1
Bxb3 22. Qxb3 Nxb2 23. Qxb2 Kb8 24. Bf1 h4 25. Rc5 hxg3 26. hxg3 Rh6 27. Bg2
Rdh8 28. Qb3 Qh7 29. Kf1 Rh2 30. Rf5 Rxg2 31. Rxf6 Rg1+ 32. Ke2 Qxe4+ 33. Kd2
Rxd1+ 34. Qxd1 Qe5 35. Rf4 Qxb5 36. Rxd4 Qb2+ 37. Ke3 Re8+ 0-1

[Event "Championship Moscow 2019"]
[Site "Moscow]
[Date "2019.04.01"]
[Round "3.3"]
[White "Vorobiov, Evgeny E"]
[Black "Savenkov, Konstantin"]
[Result "1-0"]
[WhiteElo "2566"]
[BlackElo "2373"]
[PlyCount "69"]
[EventDate "2019.??.??"]
[WhiteClock "0:29:20"]
[BlackClock "0:31:30"]

1. d4 Nf6 2. c4 d6 3. Nf3 g6 4. Nc3 Bg7 5. e4 O-O 6. Be2 e5 7. O-O Nc6 8. d5
Ne7 9. Be3 Ne8 10. Nd2 f5 11. f3 f4 12. Bf2 g5 13. c5 Rf6 14. cxd6 cxd6 15. Rc1
Rg6 16. Nb5 a6 17. Nc7 Nxc7 18. Bb6 Bd7 19. Rxc7 Nc8 20. Qb3 Nxb6 21. Qxb6 Rb8
22. Rfc1 g4 23. Qa7 Bb5 24. Bxb5 axb5 25. Qxb8 Qxb8 26. Rc8+ Qxc8 27. Rxc8+ Bf8
28. Rc7 g3 29. Rxb7 gxh2+ 30. Kxh2 Bh6 31. Rxb5 Bg5 32. Rb8+ Kg7 33. Rb7+ Kh6
34. Nc4 Bh4 35. Kg1 1-0

[Event "Championship Moscow 2019"]
[Site "Moscow]
[Date "2019.04.01"]
[Round "3.4"]
[White "Makarian, Rudik"]
[Black "Afanasiev, Nikita"]
[Result "0-1"]
[WhiteElo "2358"]
[BlackElo "2521"]
[PlyCount "90"]
[EventDate "2019.??.??"]
[WhiteClock "0:09:53"]
[BlackClock "0:05:23"]

1. c4 e5 2. g3 Nf6 3. Bg2 Bc5 4. Nc3 O-O 5. d3 Nc6 6. Nf3 d6 7. O-O h6 8. Na4
a5 9. Nxc5 dxc5 10. Ne1 Qd6 11. Nc2 Rd8 12. b3 Bf5 13. Bb2 Qe6 14. Ne3 Bh3 15.
Bxh3 Qxh3 16. f4 Re8 17. fxe5 Nxe5 18. Rf4 Nfg4 19. Nf1 Nxh2 20. Rh4 Qxf1+ 21.
Qxf1 Nxf1 22. Kxf1 b6 23. Re4 Nc6 24. Rxe8+ Rxe8 25. Kf2 f5 26. a3 Kf7 27. e3
g5 28. d4 f4 29. gxf4 gxf4 30. exf4 Nxd4 31. Bxd4 cxd4 32. b4 d3 33. Rd1 Rd8
34. Ke3 d2 35. c5 a4 36. Rxd2 Rxd2 37. Kxd2 Ke6 38. Kd3 bxc5 39. bxc5 Kf5 40.
Ke3 h5 41. Kf3 c6 42. Kg3 Ke4 43. Kh4 Kxf4 44. Kxh5 Ke4 45. Kg4 Ke5 0-1

[Event "Championship Moscow 2019"]
[Site "Moscow]
[Date "2019.04.01"]
[Round "3.5"]
[White "Ivanov, Oleg V"]
[Black "Smirnov, Timofey"]
[Result "1/2-1/2"]
[WhiteElo "2441"]
[BlackElo "2347"]
[PlyCount "91"]
[EventDate "2019.??.??"]
[WhiteClock "0:15:57"]
[BlackClock "0:02:59"]

1. d4 d5 2. c4 c6 3. Nf3 Nf6 4. Qb3 dxc4 5. Qxc4 Bf5 6. g3 e6 7. Bg2 Be7 8. O-O
Nbd7 9. Qb3 Qb6 10. Nbd2 Qxb3 11. axb3 Bb4 12. Nc4 Bc2 13. Na5 Bxa5 14. Rxa5
Bxb3 15. Nd2 Bc2 16. Nc4 O-O 17. Nd6 Rfb8 18. Bf4 Nd5 19. Bd2 Bg6 20. e4 Nc7
21. f4 Ne8 22. Nxe8 Rxe8 23. f5 exf5 24. exf5 Bh5 25. d5 Ne5 26. dxc6 Nxc6 27.
Bxc6 bxc6 28. f6 Be2 29. Re1 h6 30. Kf2 Bc4 31. Rxa7 Rad8 32. Rxe8+ Rxe8 33.
Re7 Rd8 34. Ba5 Rb8 35. Bc3 gxf6 36. Re4 Be6 37. Bxf6 Kh7 38. Bc3 Rb5 39. Ke3
Kg6 40. Ra4 h5 41. Ra8 Rf5 42. Rg8+ Kh7 43. Rh8+ Kg6 44. Rg8+ Kh7 45. Rh8+ Kg6
46. Ke4 1/2-1/2

[Event "Championship Moscow 2019"]
[Site "Moscow]
[Date "2019.04.01"]
[Round "3.6"]
[White "Gubajdullin, Alexei"]
[Black "Dvalishvili, Pavel S"]
[Result "0-1"]
[WhiteElo "2344"]
[BlackElo "2407"]
[PlyCount "74"]
[EventDate "2019.??.??"]
[WhiteClock "0:52:35"]
[BlackClock "0:02:02"]

1. d4 c5 2. e3 Nf6 3. Nf3 d5 4. Ne5 Nc6 5. Bb5 Qc7 6. c4 e6 7. Qa4 Bd7 8. Nxd7
Nxd7 9. cxd5 exd5 10. Nc3 Nb6 11. Qd1 a6 12. dxc5 Bxc5 13. Bd3 O-O 14. O-O Qe5
15. Ne2 Bd6 16. Ng3 g6 17. Bd2 Nc4 18. Bc3 Qe6 19. b3 N4e5 20. Be2 Rad8 21. Rc1
h5 22. f4 Nd7 23. Bxh5 Qxe3+ 24. Kh1 Bxf4 25. Ne2 Bh6 26. Bxg6 d4 27. Rf3 Qe7
28. Bh7+ Kxh7 29. Qd3+ f5 30. Rxf5 Rxf5 31. Qxf5+ Kg8 32. Nxd4 Nxd4 33. Qd5+
Ne6 34. Re1 Ndf8 35. Qe4 Bg7 36. Bb4 Qf7 37. h3 Rd4 0-1

[Event "Championship Moscow 2019"]
[Site "Moscow]
[Date "2019.04.01"]
[Round "3.7"]
[White "Usov, Aleksandr E"]
[Black "Golubov, Saveliy"]
[Result "0-1"]
[WhiteElo "1627"]
[BlackElo "2462"]
[PlyCount "124"]
[EventDate "2019.??.??"]
[WhiteClock "1:02:24"]
[BlackClock "0:52:30"]

1. e4 Nf6 2. e5 Nd5 3. d4 d6 4. Nf3 Bg4 5. Bc4 e6 6. exd6 Bxd6 7. O-O Bxf3 8.
Qxf3 Qh4 9. g3 Qxd4 10. Bxd5 Qxd5 11. Qxd5 exd5 12. Rd1 Nc6 13. Rxd5 O-O-O 14.
Be3 Bxg3 15. Rxd8+ Rxd8 16. Nd2 Be5 17. Nc4 Bf6 18. c3 b6 19. f4 Ne7 20. a4 Nd5
21. Kf2 Nxe3 22. Kxe3 Rd5 23. Nd2 Rh5 24. Nf3 Ra5 25. Ra3 Rd5 26. Ra1 Rd7 27.
Nd2 Be7 28. b4 f5 29. Rc1 Bf6 30. c4 Bb2 31. Rb1 Bd4+ 32. Ke2 Re7+ 33. Kd3 Bf2
34. c5 bxc5 35. b5 Re3+ 36. Kc4 Ra3 37. Kd5 Rd3+ 38. Ke6 Rxd2 39. Kxf5 Ra2 40.
Ke6 Rxa4 41. Kf7 Rxf4+ 42. Kxg7 h5 43. Kg6 h4 44. Kg5 Rb4 45. Rf1 Be3+ 46. Kh5
c4 47. Rf6 c3 48. Rc6 Rxb5+ 49. Kxh4 Rc5 50. Ra6 c2 51. Ra1 Rb5 52. Rf1 Rb1 53.
Rf8+ Kb7 54. h3 Rb4+ 55. Kh5 c1=Q 56. Rf5 Qd1+ 57. Kg6 Rb6+ 58. Kg7 Bh6+ 59.
Kg8 Qg1+ 60. Kf7 Qg6+ 61. Ke7 Re6+ 62. Kd7 Qe8# 0-1

[Event "Championship Moscow 2019"]
[Site "Moscow]
[Date "2019.04.01"]
[Round "3.8"]
[White "Kozionov, Kirill"]
[Black "Chudinovskikh, Alexander M"]
[Result "1-0"]
[WhiteElo "2458"]
[BlackElo "2206"]
[PlyCount "77"]
[EventDate "2019.??.??"]

1. b3 e5 2. Bb2 Nc6 3. e3 Nf6 4. Bb5 Bd6 5. Na3 e4 6. Nc4 Be7 7. Bxc6 bxc6 8.
Ne2 Ba6 9. Ng3 O-O 10. Ne5 g6 11. f3 Qe8 12. fxe4 d5 13. Ng4 Nxg4 14. Qxg4 dxe4
15. Qxe4 Bd6 16. O-O-O c5 17. Qd5 Qe6 18. Qxe6 fxe6 19. Ne4 Rf7 20. Nf6+ Kg7
21. e4 Rxf6 22. e5 Rf5 23. exd6+ Kf7 24. dxc7 Rc8 25. g4 Rg5 26. Rhg1 Be2 27.
Rde1 Rxg4 28. Rxg4 Bxg4 29. Be5 Bf5 30. Re3 c4 31. bxc4 Ke7 32. Ra3 Kd7 33.
Rxa7 g5 34. Ra6 Rg8 35. c5 Be4 36. Rd6+ Kc8 37. Rxe6 Bd5 38. Rb6 Bxa2 39. c6
1-0

[Event "Championship Moscow 2019"]
[Site "Moscow]
[Date "2019.04.01"]
[Round "3.9"]
[White "Yeletsky, Ivan"]
[Black "Yakimenko, Alexander A"]
[Result "1-0"]
[WhiteElo "2409"]
[BlackElo "2185"]
[PlyCount "101"]
[EventDate "2019.??.??"]
[WhiteClock "0:01:00"]
[BlackClock "0:03:15"]

1. e4 e6 2. d4 d5 3. Nc3 Bb4 4. e5 c5 5. a3 Bxc3+ 6. bxc3 Qa5 7. Bd2 Qa4 8. Qg4
Kf8 9. Qd1 Nc6 10. Nf3 Nge7 11. dxc5 Qe4+ 12. Be2 Nxe5 13. O-O Bd7 14. Rb1 Bc6
15. Nd4 Nd7 16. Rb4 a5 17. Rb2 Qe5 18. Be3 Nf5 19. Nxc6 bxc6 20. Bd4 Nxd4 21.
cxd4 Qf6 22. Rb3 g6 23. Rb7 Ke7 24. c4 Rhb8 25. Rc7 Rc8 26. Rxc8 Rxc8 27. cxd5
cxd5 28. Ba6 Rc7 29. Qa4 Qh8 30. Qxa5 Qb8 31. Bb5 Nf6 32. Qb4 Kf8 33. Rb1 Kg7
34. Bd3 Qa8 35. a4 Ra7 36. Bc2 Ne4 37. f3 Nf6 38. g3 h5 39. Kg2 h4 40. g4 Qh8
41. Qd2 h3+ 42. Kg3 Ra8 43. Qf4 Nh7 44. Qe5+ f6 45. Rb7+ Kh6 46. Qe3+ Ng5 47.
f4 Ne4+ 48. Bxe4 dxe4 49. Kf2 g5 50. f5 exf5 51. Qxh3+ 1-0

[Event "Championship Moscow 2019"]
[Site "Moscow]
[Date "2019.04.01"]
[Round "3.10"]
[White "Tsoi, Dmitry"]
[Black "Tunik, Sergey"]
[Result "1-0"]
[WhiteElo "2376"]
[BlackElo "2167"]
[PlyCount "107"]
[EventDate "2019.??.??"]
[WhiteClock "0:02:20"]
[BlackClock "0:37:16"]

1. c4 Nf6 2. g3 e5 3. Bg2 d5 4. cxd5 Nxd5 5. Nf3 Nc6 6. O-O Be7 7. d4 exd4 8.
Nxd4 Nxd4 9. Qxd4 Nf6 10. Qa4+ c6 11. Rd1 Bd7 12. e4 Qb6 13. Na3 Be6 14. Be3
Qxb2 15. Nc2 b5 16. Qa6 Qxc2 17. Rac1 Bc8 18. Qxc8+ Rxc8 19. Rxc2 c5 20. Bh3
Rc7 21. Bf4 Rb7 22. Bc8 Rb6 23. e5 Ne4 24. Bd7+ Kf8 25. Bf5 Ng5 26. Rxc5 Nf3+
27. Kg2 Bxc5 28. Rd8+ Ke7 29. Rd7+ Ke8 30. Kxf3 Rb8 31. e6 fxe6 32. Bxe6 Rb6
33. Bh3 Rf8 34. Rxg7 Bd6 35. Rxa7 Bxf4 36. gxf4 Rbf6 37. f5 R8f7 38. Ra5 Rb7
39. Kf4 Ke7 40. Bg2 Rbb6 41. Ke5 Ra6 42. Rxb5 Rfb6 43. a4 Rh6 44. h3 Rxa4 45.
f6+ Kf7 46. Rb7+ Kf8 47. Rb8+ Kf7 48. Bd5+ Kg6 49. Rg8+ Kh5 50. Bf3+ Kh4 51.
Rg4+ Rxg4 52. Bxg4 Kg5 53. f4+ Kg6 54. Ke6 1-0

[Event "Championship Moscow 2019"]
[Site "Moscow]
[Date "2019.04.01"]
[Round "3.11"]
[White "Rozanov, Pavel B"]
[Black "Salman, Pavel"]
[Result "1/2-1/2"]
[WhiteElo "2235"]
[BlackElo "2248"]
[PlyCount "256"]
[EventDate "2019.??.??"]
[WhiteClock "0:02:45"]
[BlackClock "0:06:46"]

1. d4 Nf6 2. c4 c5 3. d5 b5 4. cxb5 a6 5. f3 e6 6. e4 c4 7. Bxc4 axb5 8. Bxb5
Bc5 9. Nc3 O-O 10. Nge2 Qb6 11. Bg5 Ne8 12. Qb3 Nc7 13. Bc4 Qa7 14. a3 exd5 15.
Nxd5 Nxd5 16. Bxd5 Nc6 17. Rc1 Ba6 18. Rxc5 Qxc5 19. Be3 Qa5+ 20. Bd2 Qd8 21.
Qe3 Ne5 22. O-O Nc4 23. Bxc4 Bxc4 24. Bc3 Bxe2 25. Qxe2 d5 26. Rd1 Qb6+ 27. Bd4
Qe6 28. e5 Rfc8 29. f4 Ra4 30. Qd3 Qg4 31. Be3 d4 32. h3 Qg3 33. Bxd4 Qxf4 34.
Bc3 h5 35. Rf1 Qc4 36. Qf5 Qe6 37. Qxh5 Re4 38. Qf3 Rcc4 39. Rd1 Qb6+ 40. Kh1
Rf4 41. Qg3 Qe6 42. Rd6 Qe7 43. e6 fxe6 44. Qd3 Rc7 45. Be5 Rf8 46. Kh2 Rb7 47.
b4 Rf5 48. Rd8+ Kf7 49. Bg3 Rfb5 50. Rd4 g6 51. Rh4 Rh5 52. Qf3+ Ke8 53. Rxh5
gxh5 54. Qxh5+ Kd7 55. Qa5 Ke8 56. Qh5+ Kd7 57. Be5 Rb5 58. Qe2 Rd5 59. Qe3 Ke8
60. Qf4 Qd7 61. Qe4 Kd8 62. Bf6+ Kc8 63. Bh4 Kb8 64. Bg3+ Ka7 65. a4 Qxa4 66.
Qxe6 Qa2 67. Bf2+ Qxf2 68. Qxd5 Qf4+ 69. g3 Qxb4 70. h4 Qg4 71. Qe5 Qd1 72.
Qe3+ Kb7 73. Kg2 Kc8 74. Qf3 Qd2+ 75. Kh3 Kd8 76. g4 Ke8 77. g5 Qd7+ 78. Kg3
Qd6+ 79. Qf4 Qd3+ 80. Kf2 Qc2+ 81. Kf3 Qd1+ 82. Kg3 Qg1+ 83. Kh3 Qd1 84. Qe4+
Kf8 85. Kg3 Qg1+ 86. Qg2 Qa1 87. Qf3+ Kg7 88. Kg4 Qd4+ 89. Kh5 Qe5 90. Qb7+ Kg8
91. Qc8+ Kg7 92. Qd7+ Kh8 93. Qd8+ Kg7 94. Qd3 Qe8+ 95. Kg4 Qe6+ 96. Kf4 Qf7+
97. Qf5 Qc4+ 98. Qe4 Qf1+ 99. Ke5 Qb5+ 100. Kd6 Qb6+ 101. Kd7 Qa7+ 102. Kd8
Qb8+ 103. Kd7 Qa7+ 104. Ke6 Qb6+ 105. Ke5 Qb5+ 106. Qd5 Qe8+ 107. Kf5 Qc8+ 108.
Kf4 Qc1+ 109. Kg4 Qc8+ 110. Kg3 Qc3+ 111. Kf2 Qb2+ 112. Ke3 Qc3+ 113. Kf4 Qc1+
114. Ke5 Qe1+ 115. Qe4 Qa5+ 116. Kf4 Qd2+ 117. Qe3 Qb4+ 118. Kf5 Qf8+ 119. Kg4
Qc8+ 120. Kg3 Qc7+ 121. Kg2 Qb7+ 122. Kf2 Qb2+ 123. Kf3 Qb7+ 124. Kf4 Qf7+ 125.
Ke4 Qe6+ 126. Kd3 Qb3+ 127. Ke2 Qc4+ 128. Kf3 Qxh4 1/2-1/2

[Event "Championship Moscow 2019"]
[Site "Moscow]
[Date "2019.04.01"]
[Round "3.12"]
[White "Zakhartsov, Vladimir"]
[Black "Khudyakov, Stanislav"]
[Result "1-0"]
[WhiteElo "2503"]
[BlackElo "2106"]
[PlyCount "125"]
[EventDate "2019.??.??"]
[WhiteClock "0:04:19"]
[BlackClock "0:05:19"]

1. d4 Nf6 2. c4 c6 3. Nc3 d5 4. Nf3 dxc4 5. a4 Bf5 6. Ne5 Nbd7 7. Nxc4 Nb6 8.
Ne5 a5 9. f3 Nfd7 10. Nxd7 Nxd7 11. e4 Bg6 12. Be2 e6 13. O-O Bb4 14. Be3 O-O
15. Qc2 Qe7 16. Qb3 Rab8 17. Rac1 Kh8 18. Na2 Bd6 19. e5 Bc7 20. f4 Nb6 21. d5
Nxd5 22. Bc5 Qh4 23. g3 Qh3 24. Bxf8 Rxf8 25. Bf3 Bb6+ 26. Kh1 Bd4 27. Bg2 Qh6
28. Rcd1 Bc5 29. Rfe1 b6 30. Rd2 Bf5 31. Nc3 g5 32. fxg5 Qxg5 33. Rde2 Qh5 34.
Ne4 Bb4 35. Bf3 Qh3 36. Rg1 Rg8 37. Nf2 Qh6 38. Be4 Bc5 39. Qf3 Rg5 40. Rge1
Bb4 41. Rf1 Bc5 42. g4 Bg6 43. Bxg6 Rxg6 44. Nd3 Ne3 45. Nf4 Nxf1 46. Nxg6+
hxg6 47. Qxf1 Kg8 48. Kg2 Qg5 49. h3 Bd4 50. Qe1 c5 51. b3 Qd8 52. Qg3 Qg5 53.
h4 Qc1 54. Qe1 Qf4 55. Re4 Qh6 56. Kh3 Kg7 57. Qf1 Kg8 58. g5 Qg7 59. Qf6 Kh7
60. Qxg7+ Kxg7 61. Kg4 Kf8 62. Kf3 Ke7 63. Ke2 1-0

[Event "Championship Moscow 2019"]
[Site "?Ð"]
[Date "2019.04.01"]
[Round "3.13"]
[White "Paster, Arkady M"]
[Black "Galaktionov, Artem"]
[Result "0-1"]
[WhiteElo "2046"]
[BlackElo "2332"]
[PlyCount "64"]
[EventDate "2019.03.30"]

1. Nf3 g6 2. d4 Bg7 3. g3 d6 4. Bg2 Nd7 5. O-O Ngf6 6. c4 O-O 7. Nc3 e5 8. Bg5
h6 9. Bxf6 Qxf6 10. e3 Qe7 11. Nd5 Qd8 12. dxe5 dxe5 13. Qc2 c6 14. Nc3 Qe7 15.
Rac1 a5 16. b3 Nc5 17. Rfd1 Bf5 18. e4 Be6 19. Na4 Nxa4 20. bxa4 Qc5 21. Ne1
Rfd8 22. Nd3 Qa7 23. c5 Rd4 24. Qb2 Rxa4 25. Qb6 Qxb6 26. cxb6 Bf8 27. Nxe5
Rxa2 28. Nd7 Rb2 29. e5 a4 30. Nxf8 Kxf8 31. Rb1 Rxb1 32. Rxb1 a3 0-1

[Event "Championship Moscow 2019"]
[Site "?Ð"]
[Date "2019.04.01"]
[Round "3.14"]
[White "Yeritsyan, Aram"]
[Black "Trofimovsky, Alexander"]
[Result "1-0"]
[WhiteElo "2325"]
[BlackElo "2031"]
[PlyCount "72"]
[EventDate "2019.03.30"]

1. e4 c5 2. Nf3 d6 3. d4 cxd4 4. Nxd4 Nf6 5. Nc3 a6 6. h4 e6 7. g4 b5 8. g5
Nfd7 9. a3 Bb7 10. Be3 Nc6 11. h5 Nxd4 12. Qxd4 Ne5 13. Be2 Rc8 14. O-O-O Qc7
15. h6 Rg8 16. hxg7 Rxg7 17. f4 Nc4 18. Bxc4 Qxc4 19. Qxc4 Rxc4 20. Bd4 Rg8 21.
Rxh7 e5 22. fxe5 dxe5 23. Bxe5 Bxe4 24. Rh4 Bxc2 25. Kxc2 Rxh4 26. Bf6 Be7 27.
Re1 Kd7 28. Rxe7+ Kd6 29. Rxf7 b4 30. axb4 Rxb4 31. Ra7 Rb6 32. Ne4+ Kd5 33.
Kd3 Re8 34. Bd4 Rb3+ 35. Nc3+ Ke6 36. Rxa6+ Kf5 1-0

[Event "Championship Moscow 2019"]
[Site "?Ð"]
[Date "2019.04.01"]
[Round "3.15"]
[White "Fedorov, Nikita"]
[Black "Obolentseva, Alexandra"]
[Result "1/2-1/2"]
[WhiteElo "2030"]
[BlackElo "2324"]
[PlyCount "92"]
[EventDate "2019.03.30"]

1. e4 c5 2. Nf3 d6 3. d4 cxd4 4. Qxd4 Nc6 5. Bb5 Bd7 6. Bxc6 Bxc6 7. c4 Nf6 8.
Nc3 g6 9. O-O Bg7 10. Be3 O-O 11. Qd3 a6 12. a4 Rc8 13. a5 Nd7 14. Bd4 Nc5 15.
Qc2 Bh6 16. Bxc5 dxc5 17. Ne5 e6 18. Nxc6 Rxc6 19. e5 Qd4 20. Qe4 Bf4 21. Rfe1
Qxe4 22. Rxe4 Bd2 23. Ra3 Rd8 24. Kf1 Rd4 25. Re2 Rc8 26. g3 Rcd8 27. Rb3 Rxc4
28. Rxb7 Bxc3 29. bxc3 Rd1+ 30. Kg2 Ra4 31. Re3 Rd8 32. Rf3 Rf8 33. Rf4 Rxa5
34. Rc4 f6 35. exf6 Rxf6 36. f4 Rf7 37. Rb6 Re7 38. Rc6 e5 39. R4xc5 Ra2+ 40.
Kf3 exf4 41. Kxf4 a5 42. Rc8+ Kf7 43. R8c7 Rf2+ 44. Kg4 Rxh2 45. Rxe7+ Kxe7 46.
Rxa5 Kd6 1/2-1/2

[Event "Championship Moscow 2019"]
[Site "?Ð"]
[Date "2019.04.01"]
[Round "3.16"]
[White "Pesotskiy, Mikhail"]
[Black "Zhukov, Anton"]
[Result "0-1"]
[WhiteElo "2300"]
[BlackElo "2076"]
[PlyCount "60"]
[EventDate "2019.03.30"]

1. Nf3 Nf6 2. c4 g6 3. g3 Bg7 4. Bg2 O-O 5. O-O d6 6. d4 Nbd7 7. Nc3 e5 8. e4
a6 9. h3 exd4 10. Nxd4 Re8 11. Be3 Rb8 12. b3 c5 13. Nde2 b5 14. Qxd6 b4 15.
Na4 Nxe4 16. Bxe4 Bxa1 17. Rxa1 Rxe4 18. Nxc5 Rxe3 19. fxe3 Qe8 20. e4 Ra8 21.
Qc6 Qe5 22. Nxd7 Qxa1+ 23. Kf2 Bxd7 24. Qxa8+ Kg7 25. g4 Qf6+ 26. Kg2 Bc6 27.
Qb8 Bxe4+ 28. Kg1 Qf3 29. Nf4 Qg3+ 30. Kf1 Bd3+ 0-1

[Event "Championship Moscow 2019"]
[Site "?Ð"]
[Date "2019.04.01"]
[Round "3.17"]
[White "Prokopchuk, Yury"]
[Black "Pavlov, Mark"]
[Result "0-1"]
[WhiteElo "2237"]
[BlackElo "2006"]
[PlyCount "104"]
[EventDate "2019.03.30"]

1. d4 Nf6 2. Bf4 g6 3. e3 Bg7 4. Nf3 O-O 5. Be2 d6 6. O-O Nfd7 7. c4 e5 8. dxe5
dxe5 9. Bg5 f6 10. Bh4 Nc6 11. Nc3 Ne7 12. e4 c6 13. Qd6 g5 14. Bg3 Ng6 15. c5
Re8 16. Bc4+ Kh8 17. b4 Bf8 18. Qd1 Qe7 19. h4 h6 20. Qb3 Kg7 21. h5 Nf4 22.
Bxf4 exf4 23. Nd5 cxd5 24. exd5 Qf7 25. Rfe1 Ne5 26. Nxe5 fxe5 27. Qc3 Kh8 28.
d6 Qg7 29. Bb5 Bd7 30. Bxd7 Qxd7 31. Rad1 Bg7 32. Re4 Rac8 33. b5 Red8 34. Qc4
Qg4 35. f3 Qd7 36. a4 g4 37. fxg4 Qxg4 38. Rd2 Qg5 39. d7 Rc7 40. c6 f3 41. Rc2
bxc6 42. bxc6 Rdxd7 43. cxd7 Rxc4 44. Rexc4 Bf6 45. Rc8+ Kg7 46. Kf1 e4 47.
gxf3 exf3 48. R2c7 Bd8 49. Rc2 Qh4 50. a5 Qh3+ 51. Kg1 Qg3+ 52. Kf1 Bh4 0-1

[Event "Championship Moscow 2019"]
[Site "?Ð"]
[Date "2019.04.01"]
[Round "3.18"]
[White "Sekoyan, Vachagan"]
[Black "Zenin, Dmitry"]
[Result "1/2-1/2"]
[WhiteElo "1994"]
[BlackElo "2236"]
[PlyCount "83"]
[EventDate "2019.03.30"]

1. d4 g6 2. c4 Bg7 3. Nc3 Nf6 4. e4 d6 5. h3 O-O 6. Be3 c5 7. d5 e6 8. Be2 exd5
9. exd5 Re8 10. Nf3 Bf5 11. Bd3 Ne4 12. Nxe4 Bxe4 13. Bxe4 Rxe4 14. Qc2 Re8 15.
O-O Na6 16. a3 Qd7 17. Rab1 b5 18. b3 Rab8 19. Bd2 Nc7 20. Rfe1 Rxe1+ 21. Bxe1
Qf5 22. Qxf5 gxf5 23. Ba5 Ne8 24. Re1 bxc4 25. bxc4 Bf6 26. Re3 Kf8 27. Nd2 Rb2
28. Rb3 Ra2 29. g4 fxg4 30. hxg4 Bd4 31. Kf1 Nf6 32. f3 Kg7 33. Ke1 Be5 34. Bc3
Bxc3 35. Rxc3 Kg6 36. Ke2 h5 37. gxh5+ Nxh5 38. Ke3 Kf5 39. Ne4 Ke5 40. Ng5 Kf6
41. Ne4+ Ke5 42. Ng5 1/2-1/2

[Event "Championship Moscow 2019"]
[Site "?Ð"]
[Date "2019.04.01"]
[Round "3.19"]
[White "Ageichenko, Genadi A"]
[Black "Zaitsev, Vitaly"]
[Result "1-0"]
[WhiteElo "2208"]
[BlackElo "1968"]
[PlyCount "99"]
[EventDate "2019.03.30"]

1. e4 c5 2. Nf3 g6 3. c3 Bg7 4. d4 cxd4 5. cxd4 d5 6. e5 Nh6 7. h3 O-O 8. Nc3
f6 9. Qb3 Be6 10. Qxb7 Nd7 11. Qc6 Kf7 12. Bc4 dxc4 13. d5 Bxd5 14. Qxd5+ e6
15. Qxc4 Nxe5 16. Nxe5+ fxe5 17. Bxh6 Bxh6 18. O-O Rc8 19. Qa4 Qc7 20. Rad1
Rfd8 21. Rfe1 Bd2 22. Rxe5 Bxc3 23. Rxd8 Qxd8 24. bxc3 Rxc3 25. Qxa7+ Qc7 26.
Qd4 Rc1+ 27. Kh2 Rc4 28. Qe3 Ra4 29. Qg3 Kg7 30. Re2 Qxg3+ 31. Kxg3 e5 32. Kf3
Kf6 33. Rd2 Kf5 34. Ke2 h5 35. Kd3 e4+ 36. Kc3 Kf4 37. Kb3 Ra6 38. a4 g5 39.
Kb4 g4 40. hxg4 hxg4 41. Kb5 Ra8 42. a5 g3 43. a6 gxf2 44. Rxf2+ Ke3 45. Rf7
Kd2 46. Rd7+ Kc2 47. Re7 Kd3 48. a7 e3 49. Kb6 e2 50. Kb7 1-0

[Event "Championship Moscow 2019"]
[Site "?Ð"]
[Date "2019.04.01"]
[Round "3.20"]
[White "Bezhenar, Georgy"]
[Black "Yarygin, Maksim"]
[Result "0-1"]
[WhiteElo "1953"]
[BlackElo "2204"]
[PlyCount "70"]
[EventDate "2019.03.30"]

1. d4 Nf6 2. c4 g6 3. Nc3 d5 4. Qb3 c6 5. cxd5 Nxd5 6. e4 Nxc3 7. Bc4 Nd5 8.
exd5 b5 9. Be2 Qxd5 10. Qxd5 cxd5 11. Bxb5+ Bd7 12. Be2 Nc6 13. Nf3 Bg7 14. Be3
O-O 15. h3 Nb4 16. Kd2 Rfc8 17. Rhc1 Rxc1 18. Rxc1 Nxa2 19. Rc7 Bf5 20. Rxe7
Rb8 21. b3 Bf8 22. Bf4 Rxb3 23. Re8 Kg7 24. Bh6+ Kxh6 25. Rxf8 Rb2+ 26. Ke3 Nc3
27. Nd2 Kg7 28. Ra8 Ra2 29. g4 Be6 30. Bd3 Nd1+ 31. Ke2 Nc3+ 32. Ke3 Nd1+ 33.
Ke2 Nxf2 34. Bb1 Rb2 35. Rxa7 Nxh3 0-1

[Event "Championship Moscow 2019"]
[Site "?Ð"]
[Date "2019.04.01"]
[Round "3.21"]
[White "Volodin, Viktor"]
[Black "Zhuk, Kirill"]
[Result "1-0"]
[WhiteElo "2191"]
[BlackElo "1894"]
[PlyCount "149"]
[EventDate "2019.03.30"]

1. Nf3 d5 2. d4 Nf6 3. c4 e6 4. g3 dxc4 5. Bg2 Bd7 6. Ne5 Bc6 7. Nxc6 Nxc6 8.
e3 Qd7 9. O-O Rd8 10. Qa4 e5 11. Qxc4 exd4 12. exd4 Be7 13. Nc3 O-O 14. Bf4
Qxd4 15. Qxd4 Rxd4 16. Bxc7 Rd2 17. Rab1 Bd6 18. Bxd6 Rxd6 19. Rfd1 Rfd8 20.
Kf1 Kf8 21. Rxd6 Rxd6 22. Nb5 Rd7 23. Rc1 a6 24. Na3 Ne5 25. Rc8+ Ke7 26. Ke2
g5 27. Nc4 Nxc4 28. Rxc4 b6 29. b4 Nd5 30. Bxd5 Rxd5 31. Rc7+ Ke6 32. Ra7 Rb5
33. a3 a5 34. bxa5 bxa5 35. Ra6+ Kf5 36. h3 f6 37. a4 Rd5 38. g4+ Kg6 39. Ke3
Re5+ 40. Kd3 Rd5+ 41. Kc4 Rd2 42. Rxa5 Rxf2 43. Rf5 Ra2 44. Kb3 Ra1 45. Rf3
Rb1+ 46. Ka2 Rb6 47. a5 Ra6 48. Rf5 h5 49. Ka3 hxg4 50. hxg4 Re6 51. Rb5 Re1
52. Rb2 Kf7 53. a6 Re8 54. Ka4 Ra8 55. Ka5 Ke6 56. Rf2 Kd6 57. Rxf6+ Kc7 58.
Rg6 Rf8 59. Rxg5 Rf1 60. Rc5+ Kb8 61. Kb6 Rb1+ 62. Rb5 Rg1 63. g5 Ka8 64. Rc5
Rg2 65. Kc6 Ka7 66. Kd6 Rd2+ 67. Ke6 Re2+ 68. Kf6 Rf2+ 69. Rf5 Rb2 70. g6 Kxa6
71. g7 Rb6+ 72. Kf7 Rb7+ 73. Kg6 Rb8 74. Rf8 Rb6+ 75. Rf6 1-0

[Event "Championship Moscow 2019"]
[Site "?Ð"]
[Date "2019.04.01"]
[Round "3.22"]
[White "Tarasov, Oleg"]
[Black "Muraseev, Vasilii"]
[Result "1/2-1/2"]
[WhiteElo "2175"]
[BlackElo "1444"]
[PlyCount "133"]
[EventDate "2019.03.30"]

1. e4 c6 2. d4 d5 3. exd5 cxd5 4. c4 Nf6 5. Nc3 Bf5 6. Nf3 e6 7. cxd5 Nxd5 8.
Bb5+ Nc6 9. O-O Be7 10. Ne5 Qb6 11. Qa4 Rc8 12. Nxd5 exd5 13. Re1 Be6 14. Be3
O-O 15. a3 Nxe5 16. dxe5 Bc5 17. Bxc5 Rxc5 18. Bf1 Rfc8 19. Qd4 R5c6 20. Rad1
Qxd4 21. Rxd4 Rc2 22. Rb4 b6 23. Rd1 g6 24. f3 h5 25. h4 Kf8 26. Bd3 Rc1 27.
Rxc1 Rxc1+ 28. Kf2 Ke7 29. Rb3 Rc5 30. f4 Kd7 31. Ke2 Kc6 32. Kd2 a5 33. Be2
Bf5 34. Rc3 d4 35. Rc4 Kd5 36. b3 Be4 37. Rxc5+ Kxc5 38. g4 hxg4 39. Bxg4 Bd5
40. f5 Be4 41. f6 Bc6 42. e6 Be8 43. Kd3 Kd5 44. h5 gxh5 45. Bxh5 Kxe6 46. Kxd4
Bc6 47. b4 axb4 48. axb4 Kxf6 49. Ke3 Ke6 50. Kf4 f5 51. Be2 Be4 52. Bc4+ Kd6
53. Bf7 Bd5 54. Be8 Be6 55. Ba4 Kd5 56. Bb3+ Kd6 57. Ba4 Bc8 58. Bb3 Bd7 59.
Bc4 Kc6 60. Ke5 Bc8 61. Be2 Kc7 62. Bd3 Kd8 63. Bxf5 Bxf5 64. Kxf5 Kc7 65. Ke5
Kd7 66. Kd5 Kc7 67. b5 1/2-1/2

[Event "Championship Moscow 2019"]
[Site "?Ð"]
[Date "2019.04.01"]
[Round "3.23"]
[White "Lupolov, Boris"]
[Black "Kurdakov, Yuri"]
[Result "1-0"]
[WhiteElo "1907"]
[BlackElo "2144"]
[PlyCount "59"]
[EventDate "2019.03.30"]

1. d4 e6 2. c4 Bb4+ 3. Bd2 Qe7 4. Nf3 Nf6 5. g3 c6 6. Bg2 d5 7. Qb3 Bd6 8. Nc3
Nbd7 9. O-O O-O 10. Bg5 h6 11. Bxf6 Qxf6 12. Rfd1 Qe7 13. Nd2 f5 14. f4 Nf6 15.
e3 Rb8 16. Ne2 b6 17. Nc1 c5 18. cxd5 exd5 19. Nf1 Ba6 20. Nd3 Bc4 21. Qc2 Rbc8
22. dxc5 Bxc5 23. Nxc5 Rxc5 24. Qa4 Re8 25. b4 Rc7 26. a3 Bxf1 27. Kxf1 Qxe3
28. Bxd5+ Kh8 29. Qb5 Nh5 30. Re1 1-0